| 000 | 00850nam a2200289 i 4500 | ||
|---|---|---|---|
| 001 | 149855 | ||
| 003 | ES-MaACL | ||
| 005 | 20230906203302.0 | ||
| 007 | t| | ||
| 008 | 071024s1983 sp ||||1| spa d | ||
| 020 | _a84-205-0971-X | ||
| 080 | _a159.943.01 | ||
| 080 | _a159.929 | ||
| 100 | 1 |
_aValzelli, Luigi. _9113028 |
|
| 245 | 1 | 0 |
_aPsicobiología de la agresión y la violencia / _cL. Valzelli ; versión de J. Fernández Zulaica. |
| 250 | _a1ª ed. | ||
| 260 |
_aMadrid : _bAlhambra, _c1983. |
||
| 300 |
_aXI, 245 p. : _bil. ; _c24 cm. |
||
| 490 | 1 | _aAlhambra Universidad | |
| 504 | _aBibliografía : p. 167-240. | ||
| 650 | 4 |
_aAgresividad. _99668 |
|
| 700 | 1 |
_aFernández Zulaica, Jesús. _950198 |
|
| 830 | 1 |
_aAlhambra Universidad _9180698 |
|
| 852 | 4 |
_aES-MaACL _jL-5117 |
|
| 852 | 4 |
_aES-MaACL _jL-9599 |
|
| 999 |
_c149855 _d149855 |
||